Missing Word: #1 Singles of the '90s Quiz Stats

 Plays Quiz Updated Sep 24, 2012

Support Sporcle.
Go Orange.
Score 0/30 Timer 04:00
1 Play Today
Hint Answer % Correct
I Will Always ____ YouLove
97.7%
____ by StepStep
96.5%
Ice Ice ____Baby
96.3%
Black or ____White
94.8%
....Baby One More ____Time
94.3%
____ Heart Will Go OnMy
92.9%
Un-Break My ____Heart
92.5%
I'd Do Anything for Love (But I Won't Do ____)That
90.1%
Livin' la ____ LocaVida
89.7%
This Is How We ____ ItDo
89%
Candle in the ____ 1997Wind
87.2%
Can't Help ____ in LoveFalling
85.5%
(____ I Do) I Do It for YouEverything
83.3%
Gettin' ____ Wit ItJiggy
82.5%
Bump n' ____Grind
82.1%
Hint Answer % Correct
____ in a BottleGenie
80.4%
Don't Let the ____ Go Down on MeSun
77.6%
Gangsta's ____Paradise
77.5%
MMM____Bop
72.9%
Mo ____ Mo ProblemsMoney
72.9%
Nothing ____ 2 UCompares
72.4%
The ____ is MineBoy
69.5%
That's the Way Love ____Goes
63.5%
____ Sweet DayOne
58.7%
____ of the RoadEnd
57.5%
The ____ of LovePower
48.7%
'____' (Bayside Boys Mix)Macarena
28.2%
____ My LoveJustify
26.5%
____ (I Missed You)Stay
25.3%
Tha ____Crossroads
16.8%

Today's Daily Dose

You're not logged in!

Compare scores with friends on all Sporcle quizzes.
OR
Log In
Forgot?

From the Vault

Countries Christopher Columbus Visited

by smreidy113

Strange that he never visited Colombia.
Remove Ads.
Support Sporcle.
Get the best of Sporcle when you Go Orange. This ad-free experience offers more features, more stats, and more fun while also helping to support Sporcle. Thank you for becoming a member.

Show Comments

Extras

Top Quizzes Today


Score Distribution

Your Account Isn't Verified!

In order to create a playlist on Sporcle, you need to verify the email address you used during registration. Go to your Sporcle Settings to finish the process.

Report this User

Report this user for behavior that violates our Community Guidelines.

Details: